书目信息 |
| 题名: |
问学谏往录
|
|
| 作者: | 萧公权 著 | |
| 分册: | ||
| 出版信息: | 长沙 岳麓书社 2017 |
|
| 页数: | 227页 | |
| 开本: | 24cm | |
| 丛书名: | 传记文学书系 | |
| 单 册: | ||
| 中图分类: | K825.46 | |
| 科图分类: | ||
| 主题词: | 萧公权--回忆录 | |
| 电子资源: | ||
| ISBN: | 978-7-5538-0756-0 | |
| 000 | 01349oam2 2200289 450 | |
| 001 | 012001003721 | |
| 005 | 20140926114741.0 | |
| 010 | @a978-7-5538-0756-0@dCNY45.00 | |
| 100 | @a20180412d2017 em y0chiy50 ea | |
| 101 | 0 | @achi |
| 102 | @aCN@b430000 | |
| 105 | @ay z 000yd | |
| 106 | @ar | |
| 200 | 1 | @a问学谏往录@9wen xue jian wang lu@f萧公权著 |
| 210 | @a长沙@c岳麓书社@d2017 | |
| 215 | @a227页@d24cm | |
| 225 | 2 | @a传记文学书系 |
| 300 | @a读行者 | |
| 314 | @a萧公权(1897-1981),祖籍江西泰和,生于江西南安(今大余),政治学家。早年就读于清华大学,后赴美留学,专攻政治哲学。1926年在康奈尔大学获得哲学博士学位后,一直从事研究与教学工作,历任南开、燕京、清华、华盛顿等大学教授。1948年,当选为中央研究院院士。在教授政治学、法哲学、中西政治思想史、中国社会制度等课程的同时,著述颇丰,主要有《康有为思想研究》《中国政治思想史》《政治多元论》《宪政与民主》《中国乡村》等。 | |
| 330 | @a本书是现代政治学家萧公权的回忆录。在书中,作者对自己一生的求学经历、教学生涯做了详尽的回顾和总结,涵盖家庭婚姻、治学门径、政治理念、民族情感和人格修养等诸多方面,向我们展示了一位学者不平凡的人生历程。 | |
| 461 | 0 | @12001 @a传记文学书系 |
| 600 | 0 | @a萧公权@f(1897-1981)@x回忆录 |
| 606 | 0 | @a萧公权@x回忆录 |
| 690 | @aK825.46@v5 | |
| 701 | 0 | @a萧公权@9Xiao Gong Quan@f(1897-1981)@4著 |
| 801 | 0 | @aCN@b上海新华@c20180901 |
| 905 | @b1163442-6@dK825.46@e1196@f5 | |
| 问学谏往录/萧公权著.-长沙:岳麓书社,2017 |
| 227页;24cm.-(传记文学书系) |
| 读行者 |
| ISBN 978-7-5538-0756-0:CNY45.00 |
| 本书是现代政治学家萧公权的回忆录。在书中,作者对自己一生的求学经历、教学生涯做了详尽的回顾和总结,涵盖家庭婚姻、治学门径、政治理念、民族情感和人格修养等诸多方面,向我们展示了一位学者不平凡的人生历程。 |
| ● |
| 相关链接 |
|
|
|
|
正题名:问学谏往录
索取号:K825.46/1196
 
预约/预借
| 序号 | 登录号 | 条形码 | 馆藏地/架位号 | 状态 | 备注 |
| 1 | 1163442 | 211634427 | 第二样本阅览室/ [索取号:K825.46/1196] | 在馆 | |
| 2 | 1163443 | 211634436 | 第二借阅区/ [索取号:K825.46/1196] | 在馆 | |
| 3 | 1163444 | 211634445 | 第二借阅区/ [索取号:K825.46/1196] | 在馆 | |
| 4 | 1163445 | 211634454 | 第二借阅区/ [索取号:K825.46/1196] | 在馆 | |
| 5 | 1163446 | 211634463 | 密集书库-史法系/ [索取号:K825.46/1196] | 在馆 |